A concise dictionary of English idioms (Record no. 61207)
[ view plain ]
| 000 -LEADER | |
|---|---|
| fixed length control field | 00638nam a22001937a 4500 |
| 003 - CONTROL NUMBER IDENTIFIER | |
| control field | NUST-PNEC |
| 005 - DATE AND TIME OF LATEST TRANSACTION | |
| control field | 20170116180717.0 |
| 008 - FIXED-LENGTH DATA ELEMENTS--GENERAL INFORMATION | |
| fixed length control field | 141021b xxu||||| |||| 00| 0 eng d |
| 020 ## - INTERNATIONAL STANDARD BOOK NUMBER | |
| International Standard Book Number | 0340574941 |
| 040 ## - CATALOGING SOURCE | |
| Transcribing agency | PNEC |
| 082 ## - DEWEY DECIMAL CLASSIFICATION NUMBER | |
| Classification number | 428 PHY |
| 100 ## - MAIN ENTRY--PERSONAL NAME | |
| 9 (RLIN) | 728 |
| Personal name | Phythian, B. A. |
| 245 ## - TITLE STATEMENT | |
| Title | A concise dictionary of English idioms |
| Statement of responsibility, etc. | B. A. Phythian |
| 260 ## - PUBLICATION, DISTRIBUTION, ETC. | |
| Place of publication, distribution, etc. | London : |
| Name of publisher, distributor, etc. | Hodder & Stoughton, |
| Date of publication, distribution, etc. | 1993. |
| 300 ## - PHYSICAL DESCRIPTION | |
| Extent | 323 p. ; |
| Dimensions | 20 cm. |
| 500 ## - GENERAL NOTE | |
| General note | http://www.amazon.com/Concise-Dictionary-English-Idioms-Yourself/dp/0340574941/ref=sr_1_1?s=books&ie=UTF8&qid=1413881490&sr=1-1&keywords=0340574941 |
| 650 ## - SUBJECT ADDED ENTRY--TOPICAL TERM | |
| General subdivision | General |
| 942 ## - ADDED ENTRY ELEMENTS (KOHA) | |
| Source of classification or shelving scheme | |
| Koha item type | Book |
| Withdrawn status | Lost status | Source of classification or shelving scheme | Damaged status | Not for loan | Permanent Location | Current Location | Shelving location | Date acquired | Source of acquisition | Cost, normal purchase price | Total Checkouts | Full call number | Barcode | Date last seen | Cost, replacement price | Price effective from | Koha item type |
|---|---|---|---|---|---|---|---|---|---|---|---|---|---|---|---|---|---|
| Pakistan Navy Engineering College (PNEC) | Pakistan Navy Engineering College (PNEC) | Reference | 06/14/1988 | Royal Book Company | 15525.00 | 428 PHY | PNECLIB-017505 | 10/21/2014 | 15525.00 | 06/14/1988 | Book |
